Transactions on Large-Scale Data and Knowledge-Centered Systems : XIV /
Contiene: Agregación confiable sobre flujos de datos priorizados; División de la dimensionalidad: procesamiento de consultas Top-k para espacios de alta dimensión; SeeVa: un marco basado en modelos para el descubrimiento de servicios web semánticos; Conjunto máximo de dependencias funcionales XML pa...
Na minha lista:
| Autor principal: | |
|---|---|
| Outros Autores: | , |
| Formato: | Livro |
| Idioma: | inglês |
| Publicado em: |
Heidelberg, Alemania :
Springer,
2014, c2014
|
| coleção: | (Lecture Notes in Computer Science ;
8800) |
| Assuntos: | |
| Acesso em linha: | Ver documento en línea |
| Tags: |
Sem tags, seja o primeiro a adicionar uma tag!
|
MARC
| LEADER | 00000nam^a2200000^a^4500 | ||
|---|---|---|---|
| 001 | 000572180 | ||
| 005 | 20251023000000.0 | ||
| 009 | 20260310132303.49 | ||
| 020 | |a 978-3-662-45714-6 | ||
| 037 | |a Acervo ITESO - Biblioteca | ||
| 041 | |a ING | ||
| 082 | |a Libro en línea | ||
| 100 | |a Hameurlain, Abdelkader |e (edición) | ||
| 240 | 1 | 1 | |a [Transactions on Large-Scale Data and Knowledge-Centered Systems] |
| 245 | 1 | 0 | |a Transactions on Large-Scale Data and Knowledge-Centered Systems : |b XIV / |c Ed. de A. Hameurlain, J. Küng, R. Wagner. |
| 264 | 4 | |a Heidelberg, Alemania : |b Springer, |c 2014, c2014 | |
| 264 | 2 | |a Cham, Suiza : |b Springer Link [distribución], |c 2014 | |
| 300 | |a 1 libro electrónico en línea (VII, 115 p.) | ||
| 300 | |a 1 recurso en línea | ||
| 336 | |a datos para computadora |b cod |2 rdacontenido | ||
| 337 | |a computadora |b c |2 rdamedio | ||
| 338 | |a recurso en línea |b cr |2 rdasoporte | ||
| 440 | 1 | |a (Lecture Notes in Computer Science ; |v 8800) | |
| 506 | 0 | |a Licencias ilimitadas | |
| 520 | |a Contiene: Agregación confiable sobre flujos de datos priorizados; División de la dimensionalidad: procesamiento de consultas Top-k para espacios de alta dimensión; SeeVa: un marco basado en modelos para el descubrimiento de servicios web semánticos; Conjunto máximo de dependencias funcionales XML para la integración de múltiples sistemas. | ||
| 649 | |a XX | ||
| 650 | |a Servicios Web (Software) | ||
| 650 | |a Computación en la Nube | ||
| 650 | |a Cómputo Distribuido | ||
| 650 | |a Big Data | ||
| 650 | |a Minería de Datos | ||
| 650 | |a Bases de Datos - |x Administración | ||
| 650 | |a Sistemas de Información - |x Tema Principal | ||
| 650 | |a Programación (Software) | ||
| 650 | |a Desarrollo de Sistemas | ||
| 650 | |a Ingeniería Computacional | ||
| 700 | |a Küng, Josef |e (edición) | ||
| 700 | |a Wagner, Roland |e (edición) | ||
| 856 | 4 | 0 | |u https://link-springer-com.ezproxy.iteso.mx/10.1007/978-3-662-45714-6 |y Ver documento en línea |
| 910 | |a Fondo General | ||
| 920 | |a Electrónicos - Libros en Línea | ||
| 930 | |a Plataforma Digital | ||
| 905 | |a 205 | ||
| 901 | |a 572180-1 |b IT2 |c EBO |i C |u 20250521 | ||
| 902 | |a https://opac.biblio.iteso.mx/vufind/Record/000572180 | ||